[Event "RUS-Cup3"]
[Site "Omsk"]
[Date "1996.??.??"]
[Round "8"]
[White "Makarov, Marat"]
[Black "Egin, Vladimir"]
[Result "1-0"]
[WhiteElo "2560"]
[BlackElo "2445"]
[Annotator "Ribli,Z"]
[PlyCount "109"]
[EventDate "1996.12.13"]
[EventType "swiss"]
[EventRounds "9"]
[EventCountry "RUS"]
[SourceTitle "CBM 057"]
[Source "ChessBase"]
[SourceDate "1997.04.01"]
[SourceVersion "1"]
[SourceVersionDate "1997.04.01"]
[SourceQuality "1"]

1. Nf3 {Hecht} d5 2. c4 e6 3. g3 Nf6 4. Bg2 c5 5. b3 d4 {Schwarz spielt
agressiv, als wenn er Weiß wäre. Aber in der folgenden Benoni-Stellung - in
der Weiß Benoni und Schwarz "Weiss" spielt - ist das Extra-Tempo für Weiss
wichtig. Natürlich ist der Zug 5...d4 ein Theoriezug, aber ich glaube, das
ruhige 5...Nc6 und 6...Be7 oder der klassische Aufbau mit b6 und Bb7 bieten
Schwarz bessere Chancen. Ribli.} 6. e3 $5 (6. O-O Nc6 7. e3 e5 {wäre weniger
effektiv für Weiß, weil nach} 8. exd4 exd4 {möglich ist.}) 6... Nc6 7. exd4
cxd4 8. O-O Bd6 {Ich möchte anmerken, daß dieser Aufbau gegen Benoni mit Bd6
und h6 oder präziser mit Bd3,h3 und e4 ist heutzutage sehr populär. Aber jetzt
spielt Schwarz dieses System mit einem Tempo weniger und später verliert er
ein weiteres Tempo für e6-e5. Ribli.} 9. d3 h6 {Das ist praktisch erzwungen
und gegen l0.Bg5 gerichtet. Ribli.} 10. a3 $5 (10. Na3 O-O 11. Nc2 a5 12. Rb1
e5 13. a3 Rb8 14. b4 b5 $11 {Onischuk-Romanishin,O/Nikolaev op-Z/1995/}) 10...
a5 11. Nbd2 O-O 12. Nh4 e5 13. Ne4 $14 {Der weiße "Benoni-Läufer" auf g2 ist
eine Schlüsselfigur in seiner Stellung, und er hat Initiative am Königsflügel.
Für Schwarz wäre es gut den Bg2 mit Be6-Qd7 zu tauschen, aber er hat keine
Zeit für dieses Manöver. Ribli.} Be7 14. Nxf6+ Bxf6 15. Qh5 $5 {Weiss hat den
klaren Plan, mit Nf5 oder Be4 nebst f2-f4 Druck am Königsflügel auszuüben.
Ribli.} Bxh4 (15... Ra6) 16. gxh4 {Dieser Doppelbauer ist auf den ersten Blick
sonderbar, aber jedermann bekannt ist Spassky-Fischer,Reykjavik,WM 1972.3.
Partie. Ribli.} Qd7 (16... Ra6) 17. f4 Qg4 {Der Damentausch verbessert die
schwarzen Chancen nicht, weil der Anziehende trotzdem eine gefährliche
Initiative behält. Ribli.} 18. Qxg4 Bxg4 19. Be4 f5 {Guter Rat ist für Schwarz
teuer, denn wenn die weiße Initiative am Königsflügel nicht ausreicht, kann
Weiß mit Bd2 und b3-b4 eine zweite Front schaffen. Ribli.} 20. Bd5+ $16 Kh7 21.
Re1 Rae8 22. Bd2 $1 (22. Bxc6 bxc6 23. fxe5 f4 $44) 22... exf4 (22... Re7 23.
b4 axb4 24. axb4 $16) 23. Bxf4 Be2 24. Bd6 Rf6 (24... Rh8 25. Bf7 Re3 26. Kf2
Bxd3 27. Rxe3 dxe3+ 28. Kxe3) 25. Ra2 Rxd6 26. Raxe2 Rxe2 27. Rxe2 {Der weiße
Bd5 dominiert die Stellung, und die Tatsache, daß Weiß einen Doppelbauer auf
der h-Linie hat, spielt keine Rolle. Weiß hat auch die einzige offene Linie
besetzt. Ich glaube, Schwarz kann die Stellung kaum halten. Ribli.} Kg6 28. Kg2
Kf6 29. Re8 Ne5 30. Rf8+ Kg6 31. h5+ Kg5 32. Kg3 g6 $8 (32... Nxd3 $2 33. h4+
Kxh5 34. Rxf5+ (34. Bf7+ $5 g6 35. Be8 f4+ 36. Kh3 {Und es gibt keine
Verteidigung gegen 37.Rf5 matt. Ribli.}) 34... Kg6 35. Be4 $18 Re6 36. Bxd3
Re3+ 37. Rf3+) 33. h4+ Kxh5 34. Re8 Ng4 (34... Nxd3 $4 35. Bf3#) 35. Bf3 g5 (
35... Rf6 36. Re5 g5 37. hxg5 Kxg5 (37... hxg5 38. Rxf5 (38. Rxa5 $5) 38...
Rxf5 39. Bxg4+ Kg6) 38. Bxg4 $18) 36. hxg5 Kxg5 37. Rg8+ Kf6 38. Kf4 {Weiß hat
einen Bauer geopfert, aber alle schwarze Bauern sind schwach, und die weiße
Aktivität entscheidet die Partie. Ribli.} Ne5 39. Rf8+ $18 Nf7 (39... Ke6 40.
Re8+ $18) 40. Bh5 Rd7 41. Rxf7+ Rxf7 42. Bxf7 Kxf7 {[#] Hecht Motive: w.
Raumvorteil dominiert entfernten s. Freibauern} 43. Kxf5 {Das Bauernendspiel
ist für Weiß leicht gewonnen. Mit b3-b4 kann er einen Freibauern schaffen, und
sein König gewinnt den schwarzen h-Bauern. Ribli.} h5 (43... b6 {Hecht} 44. Ke4
h5 45. Kxd4 $18) 44. b4 axb4 45. axb4 Ke7 (45... h4 46. Kg4 Kf6 47. Kxh4 Ke5 (
47... Kf5 48. Kg3 $18) 48. Kg5) 46. Kg5 Ke6 47. Kxh5 Kf5 48. b5 Kf4 (48... Kf6
49. Kg4 $18) (48... b6 {Hecht} 49. c5 bxc5 50. b6 c4 51. b7 $18) 49. Kh4 (49.
c5 $2 {Hecht} Ke5 $11) 49... b6 (49... Ke3 50. c5 Kxd3 51. c6 $18 bxc6 52. bxc6
Ke2 53. c7 d3 54. c8=Q d2 55. Qc2 Ke1 56. Qe4+ Kf1 57. Qd3+ Ke1 58. Qe3+ Kd1
59. Kg3) 50. c5 bxc5 51. b6 Ke3 52. b7 Kxd3 53. b8=Q c4 54. Qb5 Kc3 55. Kg3 {
Und Schwarz gab auf .Die Dame gewinnt leicht. Ribli.} 1-0

[Event "RUS Cup final 4th"]
[Site "Elista"]
[Date "2000.08.29"]
[Round "10"]
[White "Grigoriants, Sergey"]
[Black "Volkov, Sergey"]
[Result "1-0"]
[WhiteElo "2503"]
[BlackElo "2554"]
[Annotator "Ribli,Z"]
[PlyCount "161"]
[EventDate "2000.08.19"]
[EventType "tourn"]
[EventRounds "11"]
[EventCountry "RUS"]
[EventCategory "12"]
[SourceTitle "CBM 079"]
[Source "ChessBase"]
[SourceDate "2000.11.21"]
[SourceVersion "1"]
[SourceVersionDate "2000.11.21"]
[SourceQuality "1"]

1. c4 e6 2. Nf3 d5 3. b3 a5 {Schwarz strebt frühest mögliches Gegenspiel am
Damenflügel an. Prinzipiell will ich diesen Zug nicht empfehlen, die
traditionellen Entwicklungszüge sind besser.} (3... Be7 {[%cal Ge7f6,Gf6a1]})
4. e3 (4. a3 a4 5. e3 axb3 6. cxd5 exd5 7. Qxb3 Nf6 8. Bb2 Be7 9. Be2 O-O 10.
O-O Nbd7 11. d4 c6 12. Nc3 Bd6 13. a4 Re8 {0-1 Rodkin,R-Smagin,S/Bad Wiessee
1999/EXT 2000 (65)}) 4... Nf6 (4... a4 5. bxa4) 5. Bb2 a4 {Früher oder später
muss Schwarz diesen Zug spielen, sonst wäre der Zug 3...a5 schlicht
überflüssig.} 6. bxa4 (6. Na3) 6... Nbd7 7. cxd5 (7. Nc3 Be7 8. d4 (8. Qc2 O-O
9. d4 Bb4 $8 10. cxd5 exd5 11. Bd3 Re8 12. O-O c6 13. a3 Ba5 $1 $44 {0-1
Spraggett,K-Ehlvest,J/Clermont_Ferrand 1989/Inf 48/[Ehlvest,J] (51)}) 8... c6
9. Bd3 Qa5 10. O-O Nb6 11. Nd2 Nxa4 12. Nxa4 Qxa4 13. Qe2 Bb4 14. Rfc1 O-O 15.
a3 Be7 16. e4 dxe4 17. Nxe4 Nxe4 18. Qxe4 {1-0 Onischuk,A-Kharlov,A/New York
1997/CBM 57 ext (34)}) 7... exd5 8. Nc3 (8. Bd3 Nc5 9. Bc2 Bg4 10. O-O Nfd7 11.
h3 h5 12. e4 dxe4 13. Re1 Qe7 14. d4 Bxf3 15. Qc1 Rh6 16. dxc5 Rg6 17. g3 Qxc5
{0-1 Klimenko,S-Gurevich,V/Yalta 1995/EXT 97 (31)}) 8... Bd6 (8... c6) 9. Rc1 {
[%cal Gc3b5,Gb5d6]} c6 10. Bd3 O-O 11. h3 $5 {Ein prophylaktischer Zug - Weiß
verhindert damit das Manöver Nf6-g4.} Re8 12. O-O Ne4 {[%csl Ge4]} 13. Bc2 $14
{Weiß hat sozusagen einen "halben" Bauern mehr, denn sein Doppelbauer auf der
a-Linie ist nicht gerade stark.} Nf8 14. Nd4 (14. d3 Nxc3 15. Bxc3 $14) 14...
Qh4 (14... Qg5 15. f4 Qg6 16. Nxe4 dxe4 $44) 15. Nxe4 (15. Nf3 $6 Qh5) 15...
dxe4 16. Qe2 {Ein guter Verteidigungszug - die Dame verteidigt die zweite
Reihe für den Fall von Bxh3.} Ra5 {Schwarz hat die Initiative und
Angriffschancen am Königsflügel.} (16... Bxh3 $2 17. gxh3 Qxh3 18. f4 $18 {
[%cal Ge2h2]}) 17. f4 {[%mdl 256]} Rh5 (17... exf3 18. Qxf3 $16 {[%cal Rf1f7]})
18. Qf2 Qe7 {Schwarz muss die Damen auf dem Brett halten - sonst verpufft sein
Angriff.} (18... Qxf2+ 19. Rxf2 $16) 19. Bd1 {[%csl Gd1] Ein sonderbarer Platz
für einen Läufer, aber jetzt muss Schwarz sich entscheiden, ob er mit dem Turm
auf der h-Lnie oder auf der fünften Reihe bleiben will.} Rh4 (19... Ra5 20. Bc3
$14) 20. a5 $1 {[%cal Ra5a6] Der schwarze Turm ist nun von der a-Linie und der
fünften Reihe abgeschniten, so dass Weiß Raum am Damenflügel gewinnen kann.}
Bd7 21. Be2 (21. a6 $2 c5 $132) 21... Rh6 22. Bc3 (22. a6 c5 23. Nb3 bxa6 24.
Bxa6 Ra8 $132) 22... c5 23. Nb5 (23. Nb3) 23... Bb8 24. Na3 {[%cal Ga3c4,Gc4e5,
Gc4b6]} Ng6 {[%cal Gg6h4]} 25. Rb1 Bc8 (25... Bc6 26. Nc4) 26. Nc4 {[%csl Gc4]
Der Nc4 steht ausgezeichnet, er verteidigt den Pa5 und kontrolliert das Feld
e5.} Nh4 {[%cal Gh6g6,Gg6g2] Endlich bekommt Schwarz konkrete Chancen am
Königsflügel - es droht Rg6.} 27. Rb6 Rg6 (27... f6 {Nach diesem Zug kann
Schwarz nicht 28...Rg6 spielen, weil der Nh4 ungedeckt bliebe - die Diagonale
der Qe7 ist versperrt.} 28. a6 $16) 28. Rxg6 hxg6 {Jetzt ist der schwarze
Angriff schon vorüber - Weiß hat einen Bauern mehr und die bessere Stellung.}
29. Be5 Be6 (29... Bxe5 30. fxe5 $16 {[%cal Gc4d6]}) 30. Bxb8 Rxb8 31. Rb1 $16
{[%cal Gb1b8]} Rd8 (31... Ra8 32. Rb5 $16) 32. Rb2 g5 $1 {Schwarz kann sich
von seinem Doppelbauern befreien und frischt seine Initiative am Königsflügel
auf.} 33. Qg3 (33. Ne5) (33. fxg5 Qxg5 34. Rxb7 Bxc4 35. Bxc4 Nf3+ 36. Kh1 Rxd2
37. Be2 $16) 33... gxf4 34. Qxf4 f5 35. Rb6 {[%csl Gb6][%cal Gb6b7,Gb6h6]} Ng6
36. Qg3 Nf8 (36... Kh7 37. Ne5 Nxe5 38. Qxe5 Re8 39. Bb5 Bc8 40. Qg3 $18 {
[%csl Rh7]}) 37. Qe5 $6 (37. Nd6 $1 $16) 37... Rd5 38. Qb8 {[%csl Rb7]} Rd7 39.
Ne5 (39. Rd6 Rxd6 40. Nxd6 Qh4 41. Kf1 f4 $132) 39... Rd8 (39... Rxd2 $2 40.
Rxe6 (40. Ng6 Qd8 41. Qxd8 Rxd8 42. Nxf8 $18 {[%csl Re6]}) 40... Qxe6 41. Bc4
Rd5 42. Qxb7 $18) 40. Qxb7 Qxb7 41. Rxb7 Rxd2 42. Bb5 {[%csl Ga5,Ge5]} f4 $5 {
In schwieriger Stellung versucht Schwarz - anstelle einer passiven
Verteidigung - im Trüben zu fischen.} (42... Rxa2 43. a6 $16 {[%csl Ga6] Die
Stellung ist nur materiell ausgeglichen - Weiß hat das viel bessere
Figurenspiel und einen gefährlichen Freibauern.}) 43. Rb8 (43. exf4 $5 e3 {
[%cal Re6d5,Rd5g2,Rd2g2,Rd5b7]} 44. Rc7 $16) 43... fxe3 44. a6 (44. Ng6 Rf2 45.
a6 Kf7 46. Be8+ (46. Rxf8+ Kxg6 47. Rxf2 exf2+ 48. Kxf2 Bd5 49. a7 Kf5 50. Bc4
Ba8 51. Ke3 Ke5 52. g3 $18)) 44... Rxa2 45. Kf1 $6 (45. Ng6 $5 e2 46. Kf2 e3+
47. Ke1 $18) 45... c4 (45... Rf2+ 46. Ke1 $18) 46. Nxc4 e2+ 47. Ke1 g5 48. Ne5
Kg7 49. Bxe2 {Weiß hat wieder einen Mehrbauern und praktisch eine
Gewinnstellung - der Pa6 ist sehr stark.} Ng6 50. Rb7+ Kf6 51. Nxg6 Kxg6 52.
Rb6 {[%mdl 4096]} (52. Re7 Ra1+ (52... Kf6 53. Rxe6+ Kxe6 54. Bc4+ $18 {
[%cal Rc4a2,Rc4e6]}) 53. Kf2 Kf6 54. Re8 $16) 52... Kf7 53. Rb7+ (53. Rxe6 $2
Ra1+ $17) 53... Kf6 54. Rb6 (54. a7 Ke5 55. Re7 Ra1+ 56. Kf2 Kd6 $16) 54... Kf7
55. Rc6 Bb3 (55... e3 56. Bd3 $16) 56. Rc3 Bd5 57. Kf2 Kf6 58. Ke3 {[%csl Ge3]
Der König steht ausgezeichnet auf e3.} Ke5 59. g3 {[%cal Gh3h4]} Ra1 60. h4
gxh4 61. gxh4 {[%csl Ga6,Gh4] Weiß hat jetzt zwei ernfernte Freibauern,
während der schwarze Bauer nur schwerlich vorankommt.} Ra5 62. h5 Bf7 63. h6 {
Das Material ist so weit reduziert, dass es einige Remischancen gibt, doch bei
präzisem Spiel muss Weiß den vollen Punkt einfahren.} Bg6 64. Rc7 {[%cal Rh6h7]
} Ra3+ 65. Kf2 Kf4 (65... e3+ 66. Kg3 $18) 66. h7 e3+ 67. Kg2 Be4+ 68. Kh3 (68.
Kh2 Bxh7 69. Rxh7 Ra2 70. Rh4+ Kf5 71. Kg3 Rxe2 72. Ra4 $18 {[%csl Ga6][%cal
Ra6a7,Ra7a8]}) 68... Ra1 {[%cal Ra1h1,Rh1h3]} 69. Rf7+ Kg5 70. Rg7+ Kf5 71. Rg2
$1 Kf4 (71... Bxg2+ 72. Kxg2) (71... Rh1+ 72. Rh2 $18) 72. Rg4+ Kf5 73. Rxe4 $1
$18 {Nach diesem Qualitätsopfer ist Schwarz chancenlos.} Kxe4 74. Kg2 (74. a7
Kf4 75. Kg2 $18) 74... Ra2 75. h8=Q Rxe2+ 76. Kg3 Ra2 77. Qh7+ Kd4 78. a7 (78.
Qb1 Rxa6 (78... e2 79. Qxa2 e1=Q+ 80. Qf2+ Qxf2+ 81. Kxf2 $18) 79. Qb4+ Kd3 (
79... Kd5 80. Qb5+ $18) 80. Qb5+ $18) 78... e2 79. Kf2 Kc3 80. Qc7+ Kd2 81.
Qd6+ 1-0

[Event "Vidmar Memorial"]
[Site "Portoroz"]
[Date "1993.??.??"]
[Round "?"]
[White "Mohr, Georg"]
[Black "Gabriel, Christian"]
[Result "1/2-1/2"]
[WhiteElo "2435"]
[BlackElo "2510"]
[Annotator "Ribli,Z"]
[PlyCount "44"]
[EventDate "1993.06.??"]
[EventType "tourn"]
[EventRounds "11"]
[EventCountry "SLO"]
[EventCategory "12"]
[SourceTitle "CBM 037"]
[Source "ChessBase"]
[SourceDate "1993.12.01"]
[SourceVersion "1"]
[SourceVersionDate "1993.12.01"]
[SourceQuality "1"]

1. Nf3 d5 2. c4 e6 3. g3 dxc4 4. Qa4+ Nd7 5. Bg2 a6 6. Qxc4 b5 7. Qc2 Bb7 8.
O-O Ngf6 9. a4 c5 10. Nc3 (10. axb5 axb5 11. Rxa8 Bxa8 $6 (11... Qxa8 $1 $10)
12. Na3 Qb6 13. Ne5 $1 $14 {Denker,A-Abramovic,B/New York op/1990/EXP16/})
10... Qb6 11. d3 Be7 $1 (11... Bd6 $6 12. Qb3 Bc6 $2 13. axb5 Rb8 14. Na4 Qxb5
15. Qa3 $14 {Rajkovic,D-Gabriel,C/Altensteig/1990/CBM20/}) 12. axb5 (12. Qb3
Nd5 $1 13. axb5 axb5 14. Nxd5 Bxd5 15. Rxa8+ Bxa8 16. Be3 Bd5 $10 {
Hasin-Beliavsky,A/URS/1977/INF23,38/}) 12... axb5 13. Rxa8+ Bxa8 14. Qb3 b4 (
14... Nd5 $5 $10) 15. Nb1 Bd5 16. Qd1 c4 17. e4 (17. dxc4 Bxc4 18. Nbd2 Bd5 $10
) 17... Bb7 18. e5 Bxf3 (18... Ng4 19. d4 $14) 19. Qxf3 Nxe5 20. Qa8+ Qd8 21.
Qa4+ Qd7 (21... Kf8 $2 22. dxc4 Nxc4 23. Rd1 $44) 22. Qa8+ Qd8 1/2-1/2

[Event "URS-sf"]
[Site "Daugavpils"]
[Date "1989.??.??"]
[Round "?"]
[White "Akopian, Vladimir Eduardovic"]
[Black "Petrosian, Arshak B"]
[Result "1/2-1/2"]
[WhiteElo "2525"]
[BlackElo "2490"]
[Annotator "Ribli,Z"]
[PlyCount "53"]
[EventDate "1989.11.??"]
[EventType "tourn"]
[EventRounds "15"]
[EventCountry "URS"]
[EventCategory "9"]
[SourceTitle "CBM 016"]
[Source "ChessBase"]
[SourceDate "1990.06.01"]
[SourceVersion "1"]
[SourceVersionDate "1990.06.01"]
[SourceQuality "1"]

1. c4 e6 2. Nf3 d5 3. b3 Be7 4. Bb2 Bf6 $6 5. Qc1 (5. Nc3 c5 6. cxd5 exd5 7. d4
cxd4 8. Nxd4 Ne7 9. g3 O-O 10. Bg2 Nbc6 11. Nxc6 bxc6 12. O-O Bg4 13. Qd2 {
Spraggett,K-Yusupov,A  Quebec cq 1989 CBM/11  +/=}) 5... d4 6. e3 {6.g3!? /\
Bg2 +/=} e5 7. d3 Nc6 8. exd4 exd4 9. Be2 Nge7 10. O-O O-O 11. Nbd2 Ng6 12. Ne4
Re8 13. Re1 Be7 14. a3 a5 15. Qd2 h6 16. h3 Bf5 17. Bf1 Qd7 18. Ng3 Be6 19. Ne2
Bc5 20. Nf4 Nxf4 21. Qxf4 Rad8 22. Re4 Bf5 23. Ne5 Rxe5 24. Rxe5 Nxe5 25. Qxe5
Bb6 26. Re1 Bg6 27. g3 1/2-1/2

[Event "Vienna op"]
[Site "Vienna"]
[Date "1990.??.??"]
[Round "4"]
[White "Wojtkiewicz, Aleksander"]
[Black "Kohlweyer, Bernd"]
[Result "1/2-1/2"]
[WhiteElo "2515"]
[BlackElo "2385"]
[Annotator "Ribli,Z"]
[PlyCount "85"]
[EventDate "1990.10.??"]
[EventType "swiss"]
[EventRounds "9"]
[EventCountry "AUT"]
[SourceTitle "CBM 021"]
[Source "ChessBase"]
[SourceDate "1991.04.01"]
[SourceVersion "1"]
[SourceVersionDate "1991.04.01"]
[SourceQuality "1"]

1. Nf3 Nf6 2. c4 e6 3. g3 d5 4. Bg2 dxc4 5. Ne5 Qd4 6. f4 Nbd7 7. Qa4 Qc5 $5 (
7... Rb8 8. Nc3 a6 9. Qxc4 Qd6 10. d4 c5 11. Be3 $1 $14 {Ilijc-Petrosian,A
Novi Sad 1988 46/(12)}) 8. Na3 c6 9. Nxd7 Nxd7 10. Qxc4 e5 $5 11. d3 Qb4+ 12.
Qxb4 Bxb4+ 13. Bd2 Bxd2+ 14. Kxd2 exf4 15. gxf4 Nb6 16. b3 Be6 17. Nc4 O-O-O
$10 18. Rac1 Rhe8 19. Rhg1 g6 20. Ne5 f6 21. Nc4 Kb8 22. a3 Bd5 23. Bf1 Bf7 24.
Rg3 Nxc4+ 25. bxc4 Re4 26. f5 Rf4 27. fxg6 hxg6 28. Ke3 Rh4 29. h3 Rh5 30. Bg2
Ra5 31. Rc3 Kc7 32. Rf3 Rd6 33. h4 b6 34. Rf4 Rc5 35. Kd2 a6 36. Rc1 Kd8 37.
Bf3 Ke7 38. Rb1 b5 39. cxb5 cxb5 40. a4 Rc4 41. Rxc4 bxc4 42. Rb7+ Ke6 43. a5
1/2-1/2

[Event "Interzonal-16"]
[Site "Biel"]
[Date "1993.??.??"]
[Round "2"]
[White "Gulko, Boris F"]
[Black "Sveshnikov, Evgeny"]
[Result "1/2-1/2"]
[WhiteElo "2635"]
[BlackElo "2570"]
[Annotator "Ribli,Z"]
[PlyCount "102"]
[EventDate "1993.07.16"]
[EventType "swiss"]
[EventRounds "13"]
[EventCountry "SUI"]
[SourceTitle "CBM 037"]
[Source "ChessBase"]
[SourceDate "1993.12.01"]
[SourceVersion "1"]
[SourceVersionDate "1993.12.01"]
[SourceQuality "1"]

1. c4 e6 2. Nf3 d5 3. b3 Nf6 4. Bb2 Bd6 $1 {><e5} 5. g3 O-O 6. Bg2 b6 7. O-O
Bb7 8. Nc3 a6 $5 (8... Nbd7) 9. d4 Nbd7 10. Qc2 Qe7 (10... Ne4 11. Nxe4 dxe4
12. Ne5 f5 13. Rad1 Qe7 $10) 11. Rad1 Ne4 12. e3 f5 (12... Nxc3 $142 $10) 13.
Ne2 (13. Ne1 $5 $132) 13... dxc4 $6 (13... c5 $142 $1 $132) 14. bxc4 Ng5 (14...
c5 15. Ne5 Rad8 16. Nf4 $14) 15. Nxg5 Bxg2 16. Kxg2 Qxg5 17. Nf4 (17. e4 $142
f4 18. f3 $1 $14) 17... Qe7 $1 18. Rfe1 Qf7 19. Nd3 (19. d5 Bxf4 (19... e5 $6
20. Ne6 Rfe8 21. e4 $16) 20. exf4 Rfe8 $14) 19... c5 $1 $10 20. Qa4 $2 (20. f4
$142 {/\ e4<=>}) 20... b5 $15 21. Qa5 $1 (21. cxb5 Nb6 {/\ c4, Qb7, ab5-/+}) (
21. Qc2 Rfc8 22. dxc5 Nxc5 23. Nxc5 Bxc5 24. cxb5 Bb4 $17) 21... cxd4 (21...
bxc4 $2 22. dxc5 cxd3 23. cxd6 $16) 22. cxb5 axb5 (22... e5 23. b6 $1 e4 (23...
Rfb8 24. exd4 e4 25. Ne5 $16) 24. b7 Rab8 (24... Ra7 25. Bxd4 Rxb7 26. Qxa6 $16
) 25. Qxa6 $16) 23. Qxb5 Rab8 (23... Rfb8 24. Qc6 $16) 24. Qc6 Rb6 25. Qc4 e5
26. Qxf7+ Kxf7 (26... Rxf7 27. f4 $1 $14) 27. exd4 e4 28. Ne5+ Nxe5 (28... Bxe5
29. dxe5 Ke6 30. Rd6+ $14) 29. dxe5 Rxb2 30. Rxd6 (30. exd6 Rxa2 $15) 30... Re8
(30... Ra8 $5 31. Rc1 $1 Raxa2 (31... Ra7 32. a4 $1) 32. Rc7+ Ke8 33. Rc8+ $10)
(30... Rc8 31. Rd7+ Ke6 32. Rxg7 Rcc2 33. Rf1 e3 34. Rxh7 Rxf2+ 35. Rxf2 Rxf2+
36. Kg1 Rxa2 37. Kf1 $10) 31. Rd7+ Re7 32. Rxe7+ Kxe7 33. Ra1 e3 $15 34. Kf3
exf2 35. a4 (35. Kg2 f1=Q+ 36. Kxf1 Rxh2 37. Kg1 Rh6 38. Rb1 Ra6 39. Rb7+ Kf8
$15) 35... Ra2 36. Rf1 Ke6 37. Rxf2 Ra3+ 38. Kg2 Rxa4 39. Rb2 $10 g5 40. Rb7
Ra2+ 41. Kg1 h5 42. Rg7 g4 43. Rh7 Kxe5 44. Rxh5 Ke4 45. Rg5 $1 Rb2 46. Kh1 Rb5
47. Kg2 Ke3 48. h3 $1 Rb2+ 49. Kg1 Kf3 50. Rxf5+ Kxg3 51. hxg4 Rb1+ 1/2-1/2

[Event "Haninge"]
[Site "Haninge"]
[Date "1990.??.??"]
[Round "9"]
[White "Karpov, Anatoly"]
[Black "Van der Wiel, John"]
[Result "1-0"]
[WhiteElo "2730"]
[BlackElo "2550"]
[Annotator "Ribli,Z"]
[PlyCount "83"]
[EventDate "1990.05.??"]
[EventType "tourn"]
[EventRounds "11"]
[EventCountry "SWE"]
[EventCategory "14"]
[SourceTitle "CBM 018"]
[Source "ChessBase"]
[SourceDate "1990.10.01"]
[SourceVersion "1"]
[SourceVersionDate "1990.10.01"]
[SourceQuality "1"]

1. c4 e6 2. Nc3 Bb4 3. Qc2 Nf6 {3...Ne7 4.a3, Bxc3 5.Qxc3, 0-0 6.d4, b6
Ubilava,E-Vitolinsh,A CBM/16 3...Ne7 4.a3, Bxc3 5.Qxc3, 0-0 6.Nf3, d6 Lukin,
A-Vitolinsh,A CBM/16} 4. a3 Bxc3 5. Qxc3 b6 6. b4 O-O 7. Bb2 d6 8. e3 Nbd7 9.
Nf3 {-> A 17} a5 10. Be2 axb4 11. axb4 Rxa1+ 12. Bxa1 Bb7 13. O-O c5 14. Rb1
Qc7 15. Ne1 $5 Ra8 16. Nd3 e5 17. f3 Bc6 18. b5 Bb7 19. Nf2 Nf8 20. Qc2 Qe7 21.
Bb2 Ng6 22. Rf1 d5 $6 23. cxd5 Bxd5 {23...Nxd5!?} 24. Bd3 $1 Ra5 $2 (24... Qe6
$1 25. Bf5 (25. Qc3 Ne8 26. Ng4 f6 $1 (26... e4 $2 27. fxe4 Bxe4 28. Bxe4 Qxe4
29. Qxg7+ Nxg7 30. Nf6+ $18) 27. e4 Bb3 28. Ne3 Nd6 $13) 25... Qe8) 25. Ra1
Rxa1+ 26. Bxa1 Qa7 27. Bc3 Be6 28. Bxg6 hxg6 29. Bxe5 Nd5 30. h4 Qa5 31. e4 $1
Nb4 32. Qc3 f6 33. Bxf6 $1 gxf6 34. Qxf6 {+/-} Bf7 35. Ng4 Qa2 36. Qxb6 Qxd2
37. Kh2 $1 Qd4 38. Qc7 c4 39. Nh6+ Kg7 40. Nxf7 Nd5 41. Qe5+ Qxe5+ 42. Nxe5 1-0